000 00604nam a2200181Ia 4500
008 090124s9999 xx 000 0 und d
082 _b37999
100 _aघारे दीपक
245 _a घाशीराम एक वादळ
250 _a1
260 _bग्रंथाली इंडियन एज्युकेशन सोसायटी
300 _a151
600 _aघारे दीपक
630 _a घाशीराम एक वादळ
700 _aघारे दीपक
730 _a घाशीराम एक वादळ
942 _cBOOK
999 _c104037
_d104037